International human resource managment: globalization, national systems and multinational companies./ (Record no. 2808)

MARC details
000 -LEADER
fixed length control field 01586nam a22001697a 4500
008 - FIXED-LENGTH DATA ELEMENTS--GENERAL INFORMATION
fixed length control field 140408b xxu||||| |||| 00| 0 eng d
020 ## - INTERNATIONAL STANDARD BOOK NUMBER
International Standard Book Number 9780273651772
050 ## - LIBRARY OF CONGRESS CALL NUMBER
Classification number HF5549.5
Item number .E45
100 ## - MAIN ENTRY--PERSONAL NAME
Personal name Edwards , Toni
245 ## - TITLE STATEMENT
Title International human resource managment: globalization, national systems and multinational companies./
Statement of responsibility, etc. Tony Edwards and Chris Rees
260 ## - PUBLICATION, DISTRIBUTION, ETC.
Place of publication, distribution, etc. Harlow:
Name of publisher, distributor, etc. Pearson Education Limited,
Date of publication, distribution, etc. 2006.
300 ## - PHYSICAL DESCRIPTION
Extent xiv, 310p. :
Other physical details ill. ;
Dimensions 23cm.
500 ## - GENERAL NOTE
General note Includes Index
505 ## - FORMATTED CONTENTS NOTE
Formatted contents note Contents: The Context for International human resource management: Globalization and International management -- National systems and management action -- The Internationalization of the firm -- International strategy and structure in the multinational companies -- The Diffusion of International human resource management in multinational companies: The Transfer of human resource practices in multinational companies -- Cross- border mergers and acquisitions -- Internationalization and developing countries: the case of China -- The Management of International human resources practices in the multinational companies : knowledge management and international human resource management -- International management development -- Recruitment and selection of international managers -- International pay and reward -- International employee representation - a case of industrial relations systems following the market? -- International corporate social responsibility and employment relations -- The Future: conclusion and looking ahead.
700 ## - ADDED ENTRY--PERSONAL NAME
Personal name Rees Chris
942 ## - ADDED ENTRY ELEMENTS (KOHA)
Source of classification or shelving scheme Library of Congress Classification
Koha item type Books
Holdings
Withdrawn status Lost status Source of classification or shelving scheme Damaged status Not for loan Home library Current library Shelving location Date acquired Total Checkouts Full call number Barcode Date last seen Copy number Price effective from Koha item type
    Library of Congress Classification     WISCONSIN INTERNATIONAL UNIVERSITY COLLEGE, GHANA - MAIN LIBRARY WISCONSIN INTERNATIONAL UNIVERSITY COLLEGE, GHANA - MAIN LIBRARY CC 08/04/2014   HF5549.5 .E45 848/040/13 08/04/2014 1 08/04/2014 Books

If you have any concerns or questions; kindly contact the library


© Powered by WIUC ICT DIRECTORATE